01634cam a2200349 i 450000100090000000300040000900500170001300800410003001000170007102000310008804000230011904200080014205000240015008200210017410000420019524500820023725000200031926400330033930000290037233600260040133700280042733800270045549000200048250400510050252004340055365000310098765000510101870000270106994200480109695201230114499900170126721669408OSt20250610132017.0200814s2021 cau b 001 0 eng  a 2020944220 a9781529727647q(paperback) aDLCbengerdacDLC apcc00aLB2395.3b.W35 202100a418.40711bWAL/C1 aWallace, Mike,d1950-eauthor.91055910aCritical reading and writing for postgraduates /cMike Wallace & Alison Wray. aFourth edition. 1aLos Angeles :bSage,c[2021] axvii, 299 pages ;c25 cm atextbtxt2rdacontent aunmediatedbn2rdamedia avolumebnc2rdacarrier0 aStudent success aIncludes bibliographical references and index. a"Reading critically, and writing using critical techniques, are crucial skills you need to apply to your academic work. Practical and engaging, Critical Reading and Writing for Postgraduates is bursting with tools for analysing texts and structuring critical reviews, helping you to gradually build your skills beyond undergraduate level and gain confidence in your ability to critically read and write"--cProvided by publisher. 0aReading (Higher education) 0aCritical thinkingxStudy and teaching (Higher)1 aWray, Alison,eauthor. 2ddccBKh418.40711iWAL/Ck418.40711mWAL/C 00102ddc40708GRAaMESbMEScENGd2025-06-10l0o418.40711 WAL/Cp45968r2025-06-10 13:20:08w2025-06-10yBKzGR8R1 c44549d44549